Normal view
MARC view
Entry Personal Name
001 - CONTROL NUMBER
- control field: 564404
003 - CONTROL NUMBER IDENTIFIER
- control field: OSt
005 - DATE AND TIME OF LATEST TRANSACTION
- control field: 20220930195754.0
008 - FIXED-LENGTH DATA ELEMENTS
- fixed length control field: 220930|| aca||aabn | a|a d
040 ## - CATALOGING SOURCE
- Original cataloging agency: OSt
- Transcribing agency: OSt
100 ## - HEADING--PERSONAL NAME
- Personal name: Sharma Ashok Chakradhar
670 ## - SOURCE DATA FOUND
- Source citation: Work cat.: (OSt)899622: Sharma Ashok Chakradhar, Mukti bodh ke sameeksha sidhanto ke sandarbh mein unki kavita ki rachna prakriya, 1974
